000 00549nam a2200145 a 4500
008 120416s1998 ||||||||||||||||| || u
050 _aHF 5661 Ins
245 1 0 _aFRS impairment of fixed assets and goodwill
246 _aa guide to FRS 11
260 _aLondon
_bErsnest and Young
_c1998
350 _a0.00
650 _aFINANCIAL ACCOUNTING
650 0 _aACCOUNTING--HANDBOOKS, MANUALS, ETC
995 _D0.00
_FCBU-MAIN LIBRARY (Kitwe)
_H1
_I8.00
_M1
_UAVAILABLE
_ZMain Library Open Access Collection
999 _c44073
_d44073